00771nam a2200241 u 450000100070000000500170000700800410002403500110006504000130007604100080008908000060009710000400010324500890014326000210023230000130025365000300026665000140029665000290031065000350033965000490037465000500042377300560047315993720240201125744.0971217s1938 ||||||m| spa  a159937 ccomduadb aspa aT10aSalgado Gutierrez, Carlos4auteaut13aLa tricomoniasis vaginal y su tratamiento por los derivados del acido fenil arsenico aBogotá,c1938. a48 hojas aEnfermedades de la vagina aLeucorrea aVaginitis por Tricomonas 7aEnfermedades parasitarias2dcs aCasos, historias clinicas, estadisticas, etc aHistoria de la medicina - Colombia - Siglo XX0 tCritica del tratamiento Ascolig48h.w159912079980